000
00293nam a22001337a 4500
008
181107b xxu||||| |||| 00| 0 eng d
020
_a
9780814404348
041
_a
eng
080
_a
332
100
_a
53
101
_a
MNG
245
_a
Strategic Outsourcing
_c
Greaver, M.F
942
_2
udc
_c
BK
999
_c
52164
_d
52164